Estadísticas para ¿Qué ciudad en Suiza?

Haz click aquí para intentar la prueba.

Estadísticas generales

  • Esta prueba ha sido intentada 48 veces
  • La puntuación promedio es 8 de 17

Estadísticas de respuestas

DescripciónLetraCiudad% Correcto
Capital de SuizaBBerna
100%
La ciudad más poblada de SuizaZZúrich
98%
Ciudad de habla francesa, conocida como pacificadora debido a la sede de la ONU o la OMSGGinebra
94%
Situada a orillas del río Rin, cerca de las fronteras francesa y alemanaBBasilea
60%
Sede del COILLausana
57%
La ciudad de habla italiana más grande conocida por su clima mediterráneoLLugano
53%
Literalmente "ciudad libre", tiene el mismo nombre que una ciudad alemana en BrisgoviaFFriburgo
45%
Comparte su nombre con un famoso queso suizoGGruyères
43%
Ciudad muy turística, hogar de la Kapellbrücke, el puente cubierto de madera más antiguo del mundoLLucerna
40%
Hogar de un famoso Festival de Jazz en el Lago de Ginebra, cerca del Château de ChillonMMontreux
38%
Lugar donde se celebra el encuentro anual del Foro Económico MundialDDavos
36%
Su nombre significa "entre los lagos", cerca de las montañas Jungfraujoch o EigerIInterlaken
34%
Estación de esquí situada al pie del monte MatterhornZZermatt
32%
Ciudad francófona que fue residencia de los reyes de PrusiaNNeuchâtel
28%
Fundada por un monje irlandés llamado GallSSan Galo
26%
Ciudad de habla italiana que entrega el Leopardo de Oro durante su festival de cineLLocarno
23%
La única ciudad suiza que ha albergado los Juegos OlímpicosSSt. Moritz
19%

Distribución de puntuación

Porcentaje por número respondido

Porcentaje de gente con cada puntuación

Historial de tus puntuaciones

No has intentado esta prueba.